Catálogo

Harry Potter y el cáliz de fuego / (Registro nro. 68771)

Detalles MARC
000 -LEADER
fixed length control field 01612nam a2200397 i 4500
001 - CONTROL NUMBER
control field 68771
003 - CONTROL NUMBER IDENTIFIER
control field Mx-PuUPA
005 - DATE AND TIME OF LATEST TRANSACTION
control field 20250605105027.0
008 - FIXED-LENGTH DATA ELEMENTS--GENERAL INFORMATION
fixed length control field 200304r20182012sp a jr 00| f spa d
020 ## - INTERNATIONAL STANDARD BOOK NUMBER
International Standard Book Number 9788498384444
040 ## - CATALOGING SOURCE
Original cataloging agency Mx-PuUPA
Language of cataloging spa
Transcribing agency Mx-PuUPA
Modifying agency Mx-PuUPA
Description conventions rda
041 1# - LANGUAGE CODE
Language code of text/sound track or separate title spa
Language code of original eng
100 1# - MAIN ENTRY--PERSONAL NAME
Personal name Rowling, J. K.,
Dates associated with a name 1965-
Relator term autor
9 (RLIN) 10625
240 10 - UNIFORM TITLE
Uniform title Harry Potter and the goblet of fire.
Language of a work Español
245 10 - TITLE STATEMENT
Title Harry Potter y el cáliz de fuego /
Statement of responsibility, etc. J. K. Rowling ; traducción, Adolfo Muñoz García y Nieves Martín Azofra.
250 ## - EDITION STATEMENT
Edition statement 1a edición
264 #1 - PRODUCTION, PUBLICATION, DISTRIBUTION, MANUFACTURE, AND COPYRIGHT NOTICE
Place of production, publication, distribution, manufacture Barcelona :
Name of producer, publisher, distributor, manufacturer Salamandra,
Date of production, publication, distribution, manufacture, or copyright notice 2012
300 ## - PHYSICAL DESCRIPTION
Extent 665 páginas :
Other physical details mapa ;
Dimensions 21 cm.
336 ## - CONTENT TYPE
Fuente rdacontent
Content type term texto
Content type code txt
337 ## - MEDIA TYPE
Source rdamedia
Media type term sin medio
Media type code n
338 ## - CARRIER TYPE
Source rdacarrier
Carrier type term volumen
Carrier type code nc
545 ## - BIOGRAPHICAL OR HISTORICAL DATA
Biographical or historical data Primera edición, marzo de 2012 ;<br/>Catorceava reimpresión (14a edición, Julio de 2018)
600 14 - SUBJECT ADDED ENTRY--PERSONAL NAME
Source of heading or term Potter, Harry
Titles and other words associated with a name (personaje ficticio)
Form subdivision ficción
650 #7 - SUBJECT ADDED ENTRY--TOPICAL TERM
Topical term or geographic name entry element Magia
Form subdivision Literatura infantil
Source of heading or term armarc
650 #7 - SUBJECT ADDED ENTRY--TOPICAL TERM
Topical term or geographic name entry element Magos
Form subdivision Literatura infantil
Source of heading or term armarc
650 #7 - SUBJECT ADDED ENTRY--TOPICAL TERM
Topical term or geographic name entry element Magia
General subdivision Escuelas
Form subdivision Ficción
Source of heading or term armarc
650 #7 - SUBJECT ADDED ENTRY--TOPICAL TERM
Topical term or geographic name entry element Literatura británica
Form subdivision Ficción
Source of heading or term armarc
655 #7 - INDEX TERM--GENRE/FORM
Genre/form data or focus term Ficción juvenil
Form subdivision novela
Source of term armarc
700 1# - ADDED ENTRY--PERSONAL NAME
Personal name Muñoz García, Adolfo,
Dates associated with a name traductor
700 1# - ADDED ENTRY--PERSONAL NAME
Personal name Martín Azofra, Nieves,
Relator term traductor
765 0# - ORIGINAL LANGUAGE ENTRY
Main entry heading Rowling, J. K.
Title Harry Potter and the goblet of fire
Place, publisher, and date of publication London : Bloomsbury, 2000.
International Standard Book Number 9780747550990
942 ## - ADDED ENTRY ELEMENTS (KOHA)
Source of classification or shelving scheme Dewey Decimal Classification
Koha item type Libro
Classification part 823.92
Item part R88
Existencias
Withdrawn status Lost status Source of classification or shelving scheme Damaged status Not for loan Collection code Home library Current library Shelving location Date acquired Source of acquisition Cost, normal purchase price Serial Enumeration / chronology Total Checkouts Total Renewals Full call number Barcode Date last seen Date last checked out Cost, replacement price Price effective from Koha item type
    Dewey Decimal Classification     General Biblioteca Karol Wojtyla Biblioteca Karol Wojtyla Sala general 21/08/2021 11 235.00 t.4 11 4 823.92 R881 2012 101142 14/08/2025 29/09/2022 235.00 21/08/2021 Libro